| 000 | 00422nam a22001457a 4500 | ||
|---|---|---|---|
| 082 |
_aM1 _bVIL/S |
||
| 100 |
_aVilwamangalam Leelasukakavi _992897 |
||
| 245 |
_aSreekrishnakarnamrutham/ _cby Vilwamangalam Leelasukakavi |
||
| 260 |
_aGuruvayur: _bGuruvayur Devaswom, _c2015. |
||
| 300 | _a257p. | ||
| 650 |
_aPoetry Malayalam _992898 |
||
| 650 |
_aLiteraturev Malayalam _992899 |
||
| 650 |
_aLiterature _992900 |
||
| 942 | _cBK | ||
| 999 |
_c139865 _d139865 |
||